000 00239 a2200109 4500
001 51175
040 _cAnchieta - Pituba
240 1 0 _aReading explorer 3
_l
245 1 0 _aReading explorer 3
650 4 _aInglês e inglês antigo
942 _cMX
999 _c51175
_d51175